Cestovné náhrady pri tuzrmskej a zahraničnej pracovnej ceste

Vyslanie zamestnanca na pracovnú cestu. Cestovné náhrady. Osobitné podmienky poskytovania cestovných náhrad.

Salvato in:
Dettagli Bibliografici
Autore principale: Slaninková, Katarína
Natura: Capitolo di libro
Lingua:slovacco
Soggetti:
Tags: Aggiungi Tag
Nessun Tag, puoi essere il primo ad aggiungerne!!

MARC

LEADER 00000naa$a2200000$$$4500
001 0079001
005 20231120082338.5
041 0 |a slo 
044 |a SK 
245 1 0 |a Cestovné náhrady pri tuzrmskej a zahraničnej pracovnej ceste  |c Katarína Slaninková 
520 |a Vyslanie zamestnanca na pracovnú cestu. Cestovné náhrady. Osobitné podmienky poskytovania cestovných náhrad. 
610 2 0 |a cesty pracovné 
610 2 0 |a náhrada cestovného 
100 1 |a Slaninková, Katarína